Currencies Used by the Most Countries - Statistics

General Stats
  • This quiz has been taken 38 times
  • The average score is 4 of 11
Answer Stats
Hint Answer % Correct
25 (27) Euro
100%
9 (10) United States Dollar
71%
4 Australian Dollar
34%
2 Indian Rupee
31%
4 (5) South African Rand
31%
6 Central African CFA Franc
29%
8 West African CFA Franc
26%
6 Eastern Caribbean Dollar
20%
2 (3) Swiss Franc
20%
2 Brunei Dollar
11%
2 Singapore Dollar
11%
No matching quizzes found
Score Distribution
Percent of People with Each Score
Percentile by Number Answered
Your Score History
You have not taken this quiz